| 000 | 00818cab a22002295a 4500 | ||
|---|---|---|---|
| 001 | L159841 | ||
| 008 | 150113e2017 xxk 000 0 eng d | ||
| 035 | _a(Sirsi) u159841 | ||
| 041 | 0 | _aeng | |
| 050 | _a692.3 $2 18 | ||
| 100 | 1 |
_aAronsohn _HAlexander |
|
| 245 | 0 | 0 |
_aUser-friendly _h[electronic resource] |
| 260 |
_aLondon _bRICS _c2017 |
||
| 490 |
_aRICS Building Surveying Journal _vOctober - November 2017, 18-19(2) |
||
| 520 | _aIntroduces the second edition of the RICS property measurement professional statement. | ||
| 650 | 2 | 4 | _aINTERNATIONAL PROPERTY MEASUREMENT STANDARDS |
| 651 | 4 |
_aUnited Kingdom _y |
|
| 690 |
_aMeasurement _96256 |
||
| 856 | 4 | 0 |
_uhttps://issuu.com/ricsmodus/docs/building_surveying_journal_october__45ef6cafff2b21 _z _yAvailable free online via Issuu |
| 856 | 4 | 0 |
_u _z |
| 942 | _n0 | ||
| 999 |
_c85006 _d85006 |
||